Normal view
MARC view
- DATA BASE MANAGEMENT-INTRODUCTION DATABASE MANAGEMENT
Entry Topical Term
001 - CONTROL NUMBER
- control field: 57879
003 - CONTROL NUMBER IDENTIFIER
- control field: NUST
005 - DATE AND TIME OF LATEST TRANSACTION
- control field: 20210628202018.0
008 - FIXED-LENGTH DATA ELEMENTS
- fixed length control field: 210628|| aca||aabn | a|a d
040 ## - CATALOGING SOURCE
- Original cataloging agency: NUST
- Transcribing agency: NUST
150 ## - HEADING--TOPICAL TERM
- Topical term or geographic name entry element: DATA BASE MANAGEMENT-INTRODUCTION DATABASE MANAGEMENT
670 ## - SOURCE DATA FOUND
- Source citation: Work cat.: (NUST): Prakash, Naveen 57878, Introduction to data base management, 2000
